000 00793nam a2200241Ia 4500
003 OSt
005 20220923213128.0
006 a|||||r|||| 00| 0
007 ta
008 220922b |||||||| |||| 00| 0 hin d
024 _a159,098
037 _cTextual
040 _aARTS
_cARTS
_bhin
041 _2hin
_ahin
082 _aO152,1:g, K4
100 _aसिंह, हरनारायण
_9156272
245 0 _aछायावाद
_b काव्य तथा दर्शन
246 _aChhāyāvāda: kāvya tathā darshana
260 _aकानपुर
_b ग्रन्थम
_c1964
650 _aहिन्दी साहित्य
_9156264
942 _hO152,1:g, K4
_cTEXL
_2CC
999 _c313845
_d313845